Caricamento...

Spiritual parenting : wisdom (and wit) for raisisng your child in a stress-free and spiritual environment /

Dettagli Bibliografici
Autore principale: Gopika Kapoor
Natura: Printed Book
Lingua:English
Pubblicazione: New Delhi: Hay house India, 2013
Soggetti:
LEADER 00626 a2200157 4500
008 130904b xxu||||| |||| 00| 0 eng d
020 |a 9788189988531 
082 |a 649.1 
100 |a Gopika Kapoor 
245 |a Spiritual parenting :  |b wisdom (and wit) for raisisng your child in a stress-free and spiritual environment /  |c Gopika Kapoor 
260 |c 2013  |b Hay house India,  |a New Delhi: 
300 |a 219p. ;  |c 18 cm. 
650 |a Parenting 
942 |2 ddc  |c BK 
999 |c 100126  |d 100126 
952 |0 0  |1 0  |4 0  |6 649_100000000000000_GOP_S  |7 0  |9 99671  |a UL  |b UL  |c ST1  |d 2013-06-07  |e 146  |g 218.27  |l 1  |m 1  |o 649.1 GOP/S  |p 88920  |r 2017-02-28  |s 2016-11-15  |v 299.00  |y BK